| 000 | 00873nam a2200265 a 4500 | ||
|---|---|---|---|
| 005 | 20230624064126.0 | ||
| 008 | 190404s1989 es r 000 0 spa d | ||
| 020 | _a8429308407 | ||
| 035 | _aUPN01000230080 | ||
| 040 |
_aUPN _bspa _cUPN |
||
| 049 | _aCG | ||
| 050 | 4 |
_aHM132 _bP6.6 1989 |
|
| 100 | 1 |
_aPowell, John Joseph, _d1925-2009 _943243 |
|
| 245 | 1 | 1 |
_a¿Por qué temo decirte quién soy? : _bsobre autoconocimiento, maduración personal y comunicación interpersonal / _cJohn Powell ; tr. José Vicente Bonet. |
| 250 | _a15a ed. | ||
| 260 |
_aCantabria, Esp. : _bSal Terrae, _c1989. |
||
| 300 | _a126 p. | ||
| 440 | 0 |
_aProyecto ; _v27 |
|
| 534 |
_pTítulo original: _tWhy am i afraid to tell you who i am? |
||
| 650 | 4 |
_aRelaciones interpersonales _91551 |
|
| 650 | 2 |
_aAutopercepción _93822 |
|
| 905 | _aLibro | ||
| 942 |
_2lcc _cLIBRO |
||
| 999 |
_c202175 _d202175 |
||